| 000 | 01102cam a2200205 4500 | ||
|---|---|---|---|
| 001 | L136998 | ||
| 008 | 070308s2007 xxk f 000 0 eng d | ||
| 035 | _a(Sirsi) u136998 | ||
| 041 | 0 | _aeng | |
| 050 | 0 | 4 | _a614.712 $2 18 |
| 110 | 2 |
_aUnited Kingdom _bDepartment for Environment, Food and Rural Affairs |
|
| 245 | 0 | 0 |
_aUK manifesto for the EU Emissions Trading Scheme (EU ETS) _h[electronic resource] |
| 260 | _c2007 | ||
| 520 | _aCovers the UK commitment to the EU Emissions Trading Scheme - the key part of the EU?s strategy for reducing emissions from industry. Invites business leaders, NGOs and other key stakeholders across Europe to sign up and to work in pressing Member State Governments and the EU institutions to put the EU Emissions Trading Scheme on a sound footing post-2012. | ||
| 590 | _aKA | ||
| 651 | 4 |
_aEngland and Wales _y1543- |
|
| 690 | _aENVIRONMENTAL AND LAND CONSULTANCY-ENVIRONMENTAL MANAGEMENT | ||
| 856 | 4 | 8 |
_uhttps://www.defra.gov.uk/environment/climatechange/trading/eu/future/index.htm _zView the manifesto free of charge online at www.defra.gov.uk... |
| 942 | _n0 | ||
| 999 |
_c106577 _d106577 |
||